Villes de France - Carte #2 - Statistiques

Statistiques générales
  • Ce quiz a été pris 12 fois
  • Le résultat moyen est 6 sur 16
Statistiques - réponses
Par images Réponse % Correct
Annecy
100%
Montpellier
78%
Saint-Malo
56%
Toulon
56%
Perpignan
44%
Rouen
44%
Angers
33%
Dunkerque
33%
Saint-Brieuc
33%
Vannes
33%
Ajaccio
22%
Cayenne
22%
Fort-de-France
22%
Amiens
11%
Avignon
11%
Saint-Denis
11%
Aucun quiz correspondant
Distribution des résultats
% des personnes avec chaque résultat
Percentile par nombre de réponses
Votre historique - résultats
Vous n’avez pas pris ce quiz